Una luna junto a la laguna /

La rana, el gato y la paloma creían que ya habían aprendido todo lo que necesitaban saber de las cosas del mundo. Pero un verano, cerca de la laguna, descubren juntos que existen muchas cosas que los pueden sorprender...

Guardado en:
Autor Principal: Basch, Adela.
Otros Autores: Pez, Alberto; il.
Formato: Libro
Idioma:Undetermined
Publicado: Buenos Aires : SM, 2012.
Edición:2a ed. 8a reimp.
Series:El barco de vapor. Blanco ; 3
Materias:
Etiquetas: Agregar Etiqueta
Sin Etiquetas, Sea el primero en etiquetar este registro!
LEADER 01090nam a22002535a 4500
001 CEM.cems020821
008 240222s2012####ag############000#0#und#d
005 20240222161857.0
245 1 0 |a Una luna junto a la laguna /  |c Adela Basch ; ilustrado por Alberto Pez. 
250 |a 2a ed. 8a reimp. 
260 |a Buenos Aires :  |b SM,  |c 2012. 
300 |a 64 p. 
490 1 |a El barco de vapor. Blanco ;  |v 3 
500 |a Primeros lectores. 
520 |a La rana, el gato y la paloma creían que ya habían aprendido todo lo que necesitaban saber de las cosas del mundo. Pero un verano, cerca de la laguna, descubren juntos que existen muchas cosas que los pueden sorprender... 
020 |a 9789871098989 
100 1 |a Basch, Adela. 
700 1 |a Pez, Alberto; il. 
653 |a Literatura argentina 
653 |a Literatura infantil 
653 |a Novela infantil 
859 |a CEMS  |b BIB. CEMS - Inicial y Primaria  |h A863.4  |i B290  |k IP  |p 4070  |t Ej.1 
859 |a CEMS  |b BIB. CEMS - Inicial y Primaria  |h A863.4  |i B290  |k IP  |p 4187  |t Ej. 1 
859 |a CEMS  |b BIB. CEMS - Inicial y Primaria  |h A863.4  |i B290  |k IP  |p 4060  |t Ej.2